| 000 | 00482nam a22001577a 4500 | ||
|---|---|---|---|
| 999 |
_c7373 _d7373 |
||
| 008 | 210928b ||||| |||| 00| 0 eng d | ||
| 020 | _a9788494465581 | ||
| 040 | _aCDMR | ||
| 100 | 1 |
_94670 _aCórdoba, José Luis |
|
| 245 |
_aEl viejo periodista / _cpor José Luis Córdoba |
||
| 260 |
_aBarcelona : _bDQ, _c2021 |
||
| 300 |
_a287 pàgines _c24 cm |
||
| 650 | 0 |
_92767 _aPeriodistes _xSituació legal, lleis, etc |
|
| 650 | 0 |
_92273 _aPeriodistes _xMercat de treball |
|
| 942 |
_2udc _cMON |
||